000 00676nam a2200217 4500
003 OSt
005 20240704023454.0
006 a
008 240704b |||||||| |||| 00| 0 eng d
020 _a9781841693811
040 _aDWCL-Main lib.
_cOC
082 _2Third edition
_aCirc. 401.9 H285p 2008
100 _aHarley, Trevor A.
245 _aThe psychology of language : from data to theory /
250 _aThird edition
260 _aN. Y. :
_bPsychology Press,
_cc2008.
300 _axvii,
_b602 p. : ill. ;
_c24 cm.
504 _aIncludes bibliographical references and index.
650 _a1. Psycholinguistics.
942 _2ddc
_n0
_cBK-CIRC
_eThird edition
_kCirc.
999 _c1926
_d1926